LEADER 02361nam2-22004571i-450- 001 990005558450403321 005 20141110171740.0 035 $a000555845 035 $aFED01000555845 035 $a(Aleph)000555845FED01 035 $a000555845 100 $a19990604d1824----km-y0itay50------ba 101 0 $alat 140 $aah--ah--aga------ebbaa0000-- 200 1 $a<<3.: >>Itinerarium Alexandri ad Costantium Augustum Constantini M. filium, edidit primus et notis illustravit Angelus Maius, nunc denuo publicat N.E. Lemaire 210 $aParisiis$cN. E. Lemaire$d1824 215 $a[6], IV, 724 p., [4] c. di tav.$d23 cm 225 1 $aBibliotheca classica Latina sive Collectio auctorum classicorum Latinorum cum notis et indicibus 311 $aL'opera critica contiene i testi originali di Julius Valerius (traduzione dell'opera di Esopo Greco): Itinerarium Alexandri; e di Quintus Curtius Rufus: De Rebus gestis Alexandri Magni 316 $5IT-NA0105$aL'esemplare è mutilo di frontespizio$uhttp://gateway-bayern.de/BV004469477 423 0$12001$aRes gestae Alexandri Magni 423 0$12001$aDe rebus gestis Alexandri Magni 461 0$1001000556714$12001$aQ. Curtius Rufus ad codices parisinos recensitus cum varietate lectionum Supplementis Jo. Freinshemii et selectis Schmiederi variorumque commentariis quibus notas excursum mappasque et indices addidit N.E. Lemaire$v3 610 0 $aAlessandro : Magno$aBiografia$aFonti 620 $aParigi 676 $a938.0092$v12$zita 676 $a670$v21 702 1$aMai,$bAngelo$f<1782-1854> 702 1$aCurtius Rufus,$bQuintus$f<1. saec. a. C.> 702 1$aIulius Valerius Alexander Polemius$f<4. saec.?> 719 00$aLemaire,$gNicolas Eloi$4650 801 0$aIT$bUNINA$gRICA$2UNIMARC 856 4 $zVisualizza la versione elettronica$uhttp://books.google.it/books?id=TK09AAAAcAAJ&printsec=frontcover&hl=it&source=gbs_ge_summary_r&cad=0#v=onepage&q&f=false$e20141110 901 $aAQ 912 $a990005558450403321 952 $aSG 870/BCL 74$bBIBL.29033$fFLFBC 952 $aSG 870/BCL 74 BIS$bBIBL.5752$fFLFBC 952 $aSG 870/BCL 74 TER$bs.i.$fFLFBC 959 $aFLFBC 996 $aItinerarium Alexandri ad Costantium Augustum Constantini M. filium, edidit primus et notis illustravit Angelus Maius, nunc denuo publicat N.E. Lemaire$9606485 997 $aUNINA LEADER 04131 am 2200625 n 450 001 9910495801703321 005 20240104030516.0 010 $a2-8107-0938-6 024 7 $a10.4000/books.pumi.15958 035 $a(CKB)4100000010352266 035 $a(FrMaCLE)OB-pumi-15958 035 $a(PPN)243135610 035 $a(EXLCZ)994100000010352266 100 $a20200227j|||||||| ||| 0 101 0 $afre 135 $auu||||||m|||| 200 00$aHuit ans de République en Espagne$eEntre réforme, guerre et révolution (1931-1939)$fJean-Pierre Almaric, Geneviève Dreyfus-Armand, Bruno Vargas 210 $aToulouse$cPresses universitaires du Midi$d2019 215 $a1 online resource (348 p.) 311 $a2-8107-0551-8 330 $aCe volume rassemble la plupart des contributions présentées lors des colloques tenus dans le cadre des 9es et 10es Journées Manuel Azaña, à Montauban, en 2014 et 2015. Les thématiques de ces rencontres étaient ambitieuses : La Seconde République espagnole, 1931-1936, entre réforme et révolution, la première année, puis, la seconde année, Guerre d?Espagne, 1936- 1939, entre guerre et révolution. Cette problématique, centrée sur l?action et les représentations des forces sociales et politiques qui l?ont soutenue jusqu?au bout, ne prétendait donc pas brosser une histoire totale de la Seconde République. Les textes questionnent deux idées maîtresses de la période : la réforme décisive d?un pays resté archaïque et la révolution qui ? aux yeux de beaucoup, mais pas forcément de la même manière ? aurait permis de remédier de façon décisive aux maux dont souffrait le pays, notamment les inégalités sociales. L?affrontement de ces deux projets marque la première période de la République, au cours du « bienio azañiste », les deux années de gouvernement de Manuel Azaña (1931-1933). Il rebondit en 1936, après la victoire électorale du Front populaire, quand le soulèvement militaire de Franco, soutenu par Hitler et Mussolini, prend les armes contre la République. Cette fois, chez ceux qui luttent pour la défendre, c?est la question de la priorité à donner à la conduite de la guerre ou à la révolution qui fait débat et approfondit les divisions. L?ouvrage aborde successivement ces périodes dans ses deux parties : l?une consacrée aux réformes menées par la jeune République espagnole et l?autre tournée vers les gouvernements en guerre et les forces sociales et politiques à l??uvre face à l?assaut des forces réactionnaires et fascistes espagnoles et internationales. Les diverses contributions émanent de spécialistes confirmés ? espagnols ou français ? et dressent un état de la recherche historique actuelle. Apportant ainsi une vision plurielle sur les huit petites années qui ont? 606 $aHistory 606 $aRépublique 606 $aréforme 606 $aguerre 606 $arévolution 615 4$aHistory 615 4$aRépublique 615 4$aréforme 615 4$aguerre 615 4$arévolution 700 $aAmalric$b Jean-Pierre$0153809 701 $aAzaña$b Manuel$0401266 701 $aCalleja$b Eduardo González$01348601 701 $aCobo$b José Martínez$01459483 701 $aEgido$b Ángeles$01459484 701 $aHerrerín López$b Ángel$01459485 701 $aLaborie$b Pierre$0685690 701 $aLuna$b Pablo F$01459486 701 $aMartínez$b Irene Díaz$01459487 701 $aMartínez-Vasseur$b Pilar$01324490 701 $aMiralles$b Ricardo$01459488 701 $aMoreno-Seco$b Mónica$01459489 701 $aPagès i Blanch$b Pelai$01459490 701 $aSánchez$b Fernando Hernández$01459491 701 $aSoler$b Manuel Aznar$01322542 701 $aVargas$b Bruno$01459492 701 $aVega$b Rubén$01459493 701 $aAlmaric$b Jean-Pierre$0153694 701 $aDreyfus-Armand$b Geneviève$01284939 801 0$bFR-FrMaCLE 906 $aBOOK 912 $a9910495801703321 996 $aHuit ans de République en Espagne$93658732 997 $aUNINA